[Event "Ch Europe (play-off) (medals)"]
[Site "masterchessopen.com - Plovdiv (Bulgaria)"]
[Date "2008.05.03"]
[Round "2"]
[White "Volkov Sergey Viktorovich (RUS)"]
[Black "Nyback Tomi (FIN)"]
[Result "1/2-1/2"]
[WhiteElo "2632"]
[BlackElo "2639"]

{ } 1.d4 Nf6 2.c4 c5 3.d5 e6 4.Nc3 exd5 5.cxd5 d6 6.Nf3 g6 7.Nd2 Bg7 8.e4 O-O
9.Be2 Na6 10.O-O Re8 11.Re1 Nc7 ( 11...Rb8 12.Bf1 Nc7 13.a4 a6 14.a5 Bd7
15.Nc4 Nb5 16.Bg5 h6 17.Bh4 g5 18.Bg3 Nxc3 19.bxc3 Nxe4 20.Nxd6 Nxg3 21.Nxe8
Bxe8 22.hxg3 Bxc3 23.Qc2 Bxa1 24.Rxa1 Qxd5 25.Bc4 Qe5 26.Rd1 Kg7 27.Rd5 Qa1+
28.Kh2 Bc6 29.Rxc5 Re8 30.Bxa6 Re1 31.Qc3+ { ...0-1, Kuzmin Gennadi P 2510 -
Simantsev Mikhail 2402 , Alushta 15. 5.2004 Ch Ukraine (team) } ) 12.a4 b6 { =
} ( 12...a6 13.Bf1 Rb8 14.a5 Bd7 15.Qb3 Nb5 16.Nxb5 Bxb5 17.Bxb5 axb5 18.Qxb5
Nxd5 19.Nf3 Nb4 20.Re2 Re6 21.Bf4 Qe8 22.Qxe8+ Rbxe8 23.Rd2 Bf8 24.Rad1 Rxe4
25.Bxd6 Bh6 26.Kf1 Bxd2 27.Nxd2 Rh4 28.Bxc5 Nd3 29.Nf3 Nxb2 30.Rb1 Rc4 31.Be3
Rb4 32.Bd2 { ...0-1, Timoscenko Gennadij 2518 - Simacek Pavel 2463 , Czech
Republic 19. 2.2005 Extraliga 2004/05 } ) 13.Qc2 ( 13.f3 Nh5 14.Nf1 f5 15.g3
f4 16.Bc4 Be5 17.Ne2 Qf6 18.gxf4 Nxf4 19.Nxf4 Bxf4 20.Bxf4 Qxf4 21.Ra3 Bh3
22.Qd2 g5 23.Rae3 Re5 24.Ng3 Rf8 25.Ne2 Qh4 26.Qc3 Bd7 27.Nc1 g4 28.f4 Rxf4
29.Nd3 Rh5 30.Qd2 Rf3 31.e5 Rxe3 32.Rxe3 dxe5 { ...1-0, Fayard Alain 2360 -
Becht Lucas 2198 , France 25.11.2007 Ch France (team) (nat.1) 2007/08 } ) (
13.Rb1 h5 14.f3 Nd7 15.Nc4 Ne5 16.Be3 Rb8 17.Qd2 Nxc4 18.Bxc4 f5 19.Bg5 Qd7
20.exf5 Qxf5 21.Nb5 Rxe1+ 22.Rxe1 Nxb5 23.Re8+ Kh7 24.Bxb5 Qb1+ 25.Kf2 Bxb2
26.Bd3 Bd4+ 27.Be3 Qa1 28.Re7+ Kg8 29.Bxg6 Qxa4 30.Bxd4 Qxd4+ 31.Qxd4 cxd4
32.Rxa7 b5 { ...1-0, Ftacnik Lubomir 2542 - Suba Mihai 2485 , New York 1987 It
(open) } ) 13...Rb8 { +0.37 CAP } ( 13...Na6 14.Bb5 Nb4 15.Qd1 Bd7 16.Nc4 Ng4
17.Bf4 Bd4 18.Bg3 f5 19.Re2 fxe4 20.Nxe4 Bxb5 21.axb5 Nf6 22.Nxf6+ Qxf6
23.Rxa7 Nxd5 24.Nxd6 Rxa7 25.Nxe8 Qg5 26.Nd6 h5 27.Ne4 Qf5 28.h3 Nf4 29.Re1
Rd7 30.Qb3+ Kg7 31.Bxf4 Qxf4 32.Qe6 Rf7 33.Re2 { ...0-1, Lokvenc Josef - Tal
Mikhail N 2520 , Miskolc 1963 Memorial L.Asztalos } ) ( 13...Ba6 14.Nf3 h6
15.Bf4 g5 16.Bxd6 Qxd6 17.e5 Qd7 18.exf6 Bxe2 19.Rxe2 Rxe2 20.Qxe2 Bxf6 21.Ne4
Bg7 22.d6 Ne6 23.Ng3 Qxd6 24.Nf5 Qc7 25.Nxg7 Kxg7 26.h4 Rd8 27.a5 Qd6 28.axb6
axb6 29.hxg5 hxg5 30.Qe3 Qd5 31.Qc3+ Nd4 32.Rd1 f6 33.Nxd4 { ...0-1, Hoelzl
Franz 2349 - Genser Harald 2265 , Oberpullendorf 2002 Ch Austria } ) 14.Rb1 {
N } ( 14.Nc4 Ba6 15.Rb1 ( 15.Bf4 Bxc4 16.Bxc4 a6 17.Qd3 Ng4 18.Qg3 Ne5 19.Bf1
b5 20.axb5 axb5 21.Bg5 Qc8 22.Ra5 c4 23.Na2 Na6 24.Nc3 Nc7 25.Be3 Rb7 26.Na2
Ng4 27.Qxd6 Bxb2 28.Qc5 Qd8 29.Qc6 Rb8 30.Bf4 Ne5 31.Bxe5 Bxe5 32.Ra7 Qd6
33.Qxd6 Bxd6 { ...0-1, Paragua Mark 2521 - Shabalov Alexander 2622 , Foxwoods
22. 3.2008 It (open) } ) 15...Bxc4 16.Bxc4 a6 17.b4 b5 18.axb5 axb5 19.Be2 c4
20.Bg5 h6 21.Be3 Nd7 22.Red1 Ra8 23.Ra1 Qe7 24.Bf3 { 1/2-1/2, Hort Vlastimil
2600 - Ermenkov Evgenij 2463 , Slncev Brjag 1974 } ) ( 14.Nb5 a6 15.Nxc7 Qxc7
16.Ra2 Qe7 17.f3 Nh5 18.Nf1 f5 19.Bd3 f4 20.g4 Bd4+ 21.Kh1 Qh4 22.Re2 Qh3
23.Rg2 Qxf3 24.Nd2 Qe3 25.Nf1 Qf3 26.Nd2 Bxg4 27.Nxf3 Bxf3 28.h4 Rf8 29.Be2
Ng3+ 30.Kh2 Bxg2 31.Kxg2 Nxe2 32.Qxe2 f3+ 33.Qxf3 Rxf3 { ...0-1, Birbrager
Isaak - Tal Mikhail N 2520 , Kharkov 1953 Tournament } ) ( 14.Bb5 Re7 15.Bc6
a6 16.Nf3 Bg4 17.Bg5 Bxf3 18.gxf3 h6 19.Bxf6 Bxf6 20.f4 Ne8 21.Qd3 Bd4 22.Ne2
Bxb2 23.Rab1 Bg7 24.Ng3 b5 25.axb5 axb5 26.Rxb5 Rxb5 27.Qxb5 f5 28.Re3 Bd4
29.Ra3 Nc7 30.Qd3 fxe4 31.Nxe4 Rf7 32.Qg3 Kg7 33.Kg2 Rf5 { ...1/2-1/2, Le Tuan
- Pyke Malcolm 2079 , Melbourne 2002 Ch Australia (reserves) } ) 14...Ba6
15.Nb5 Bxb5 16.axb5 Qd7 17.Qd3 a6 18.bxa6 b5 19.Ra1 Rb6 20.a7 Ra8 21.e5 dxe5
22.Ne4 Nxe4 23.Qxe4 Ra6 24.Be3 R8xa7 25.Rad1 Ra4 26.Qc2 Na6 27.d6 Qc6 { ?! } (
27...Rd4 { !? } 28.Bxd4 exd4 29.Ra1 Bf8 30.Qd3 Bxd6 31.Qxb5 Nb4 32.Qxd7 Rxd7
33.Bb5 Rb7 34.Re8+ { } ) 28.b3 { ? } ( 28.Qd3 Bf6 29.d7 Bd8 30.Qxb5 Qxb5
31.Bxb5 Rb4 32.Bf1 Rxb2 33.Ra1 Rxd7 34.Bxa6 Be7 35.Reb1 { } ) 28...Rb4 29.Ra1
{ ?! } ( 29.Bf3 { !? } 29...Qc8 30.Qd2 Rd7 31.Qd5 Bf8 32.Qxe5 Bg7 33.Qg5 Rxb3
34.Qd5 Rb4 35.Bg5 { } ) 29...e4 30.Ra2 Rd7 31.Rxa6 Qxa6 32.Bxc5 Qc6 33.Rc1 Rd4
34.Bxd4 Qxc2 35.Rxc2 Bxd4 36.Rc6 Be5 37.Bxb5 Rxd6 38.Rxd6 { } {#d} 1/2-1/2

[Event "Memorial R.Nezhmetdinov (open)"]
[Site "masterchessopen.com - Kazan (Russia)"]
[Date "2008.06.05"]
[Round "5"]
[White "Bitkinin Lenar (RUS)"]
[Black "Demanov Aleksandr (RUS)"]
[Result "0-1"]
[WhiteElo "2157"]
[BlackElo "2050"]

1.d4 Nf6 2.c4 c5 3.d5 e6 4.Nc3 exd5 5.cxd5 d6 6.e4 g6 7.Nf3 Bg7 8.Be2 O-O
9.O-O Re8 10.Nd2 Na6 11.Qc2 Rb8 12.a4 Nb4 13.Qd1 a6 14.a5 Qe7 15.f3 Nh5 16.Nb3
f5 17.g3 Nf6 18.e5 Qxe5 19.Nxc5 Nfxd5 20.Nxd5 Nxd5 21.Bc4 Qd4+ 22.Qxd4 Bxd4+
23.Kg2 dxc5 24.Bxd5+ Be6 25.Bf4 Bxd5 26.Bxb8 Rxb8 27.Rfd1 Re8 28.Rd2 Re3 {#R}
0-1

[Event "It (open) \"]
[Site "masterchessopen.com - Athens (Greece)"]
[Date "2008.06.09"]
[Round "5"]
[White "Markopoulos Theodoros (GRE)"]
[Black "Kiriazis Dimitrios (GRE)"]
[Result "1-0"]
[WhiteElo "1949"]
[BlackElo "1873"]

1.d4 Nf6 2.c4 e6 3.Nf3 c5 4.d5 exd5 5.cxd5 d6 6.Nc3 g6 7.e4 Bg7 8.Be2 O-O
9.O-O Re8 10.Nd2 Na6 11.h3 Nc7 12.a4 b6 13.Re1 a6 14.Bd3 Rb8 15.Nf3 b5 16.axb5
axb5 17.Bf4 b4 18.Nb1 Nh5 19.Bg5 Bf6 20.Bc1 Nb5 21.Nbd2 Nd4 22.Nc4 Bb7 23.g4
Ng7 24.Bf4 Nxf3+ 25.Qxf3 Be5 26.Qg3 f6 27.Nxe5 fxe5 28.Bh6 Qb6 29.Kh2 Rf8
30.Rf1 Rf7 31.f4 Qc7 32.fxe5 dxe5 33.Bc4 Qd6 34.Rxf7 Kxf7 35.Rf1+ Kg8 36.Qf2
{#r} 1-0

[Event "It (open)"]
[Site "masterchessopen.com - Fouesnant (France)"]
[Date "2008.10.28"]
[Round "4"]
[White "Nicolas Tristan (FRA)"]
[Black "Delaire Eric (FRA)"]
[Result "1/2-1/2"]
[WhiteElo "1938"]
[BlackElo "1862"]

1.d4 Nf6 2.c4 c5 3.d5 e6 4.Nc3 exd5 5.cxd5 d6 6.e4 g6 7.Nf3 Bg7 8.Be2 O-O
9.Nd2 Na6 10.O-O Re8 11.Qc2 Nc7 12.a4 a6 13.Ra3 Nfxd5 14.exd5 Bxc3 15.bxc3
Rxe2 16.c4 Ne8 17.Bb2 Qe7 18.Qc3 f6 19.f3 Qe5 20.Qd3 Bf5 21.Bxe5 Bxd3 22.Bf4
Rxd2 23.Bxd2 Bxf1 24.Kxf1 Rd8 25.Rb3 Rd7 26.Rb6 Kf7 27.Kf2 Ke7 28.g4 Kd8
29.Kg3 Re7 30.Ba5 Kc8 31.Rb2 Re3 32.Bd2 Ra3 33.a5 Ra4 34.Rc2 Kc7 35.Be1 b5
36.axb6+ Kxb6 37.Rb2+ Kc7 38.Re2 Kd7 39.Rb2 Kc7 40.Re2 Kd7 41.Rb2 {#d} 1/2-1/2

[Event "Memorial C.Torre (open)"]
[Site "masterchessopen.com - Merida (Mexico)"]
[Date "2008.12.16"]
[Round "5"]
[White "Ordaz Valdes Lisandra (CUB)"]
[Black "Mercado Francisco (MEX)"]
[Result "1-0"]
[WhiteElo "2306"]
[BlackElo "2146"]

1.d4 Nf6 2.c4 c5 3.d5 e6 4.Nc3 exd5 5.cxd5 d6 6.e4 g6 7.Nf3 Bg7 8.Nd2 O-O
9.Be2 Re8 10.O-O Na6 11.Re1 Bd7 12.Bf1 Rb8 13.a4 Nb4 14.Nc4 Ng4 15.h3 Nxf2
16.Kxf2 Bd4+ 17.Be3 Qf6+ 18.Kg1 Bxc3 19.bxc3 Qxc3 20.Rc1 Qf6 21.Nxd6 Qxd6
22.Bxc5 Qg3 23.Bxb4 Bxh3 24.Rc3 {#r} 1-0

[Event "Ch City"]
[Site "masterchessopen.com - Obninsk (Russia)"]
[Round "7"]
[White "Shirokov Sergey (RUS)"]
[Black "Dadukov Victor (RUS)"]
[Result "0-1"]
[WhiteElo "2047"]
[BlackElo "2088"]

1.d4 Nf6 2.Nf3 g6 3.c4 c5 4.d5 d6 5.Nc3 Bg7 6.e4 O-O 7.Be2 e6 8.O-O exd5
9.cxd5 Re8 10.Nd2 Na6 11.h3 Nc7 12.Qc2 Ncxd5 13.Nxd5 Nxd5 14.Nc4 Nb4 15.Qb1 d5
16.a3 Rxe4 17.axb4 Rxe2 18.Ne3 c4 {#R} 0-1

[Event "It \"]
[Site "masterchessopen.com - Sydney (Australia)"]
[Date "2009.01.11"]
[Round "11"]
[White "Smirnov Vladimir (RUS)"]
[Black "Stojic Dusan (AUS)"]
[Result "1/2-1/2"]
[WhiteElo "2383"]
[BlackElo "2176"]

1.d4 c5 2.d5 e6 3.c4 exd5 4.cxd5 d6 5.Nc3 Nf6 6.e4 g6 7.Nf3 Bg7 8.Be2 O-O
9.O-O Re8 10.Nd2 Na6 11.Re1 Nc7 12.a4 b6 13.h3 a6 14.Bf1 Rb8 15.Nf3 b5 16.e5
b4 17.exf6 bxc3 18.Rxe8+ Qxe8 19.fxg7 cxb2 20.Bxb2 Rxb2 21.Qc1 Rb4 22.Qh6 f6
23.Bd3 Nxd5 24.Re1 Qf7 25.Nh4 Nf4 26.Be4 d5 27.Bc2 d4 28.Be4 Ne6 29.Bxg6 Qxg7
30.Bxh7+ Qxh7 31.Qxf6 Rb1 32.Rxb1 Qxb1+ 33.Kh2 Nf8 34.Qg5+ Kf7 35.Qh5+ Ng6
36.Qh7+ Kf6 37.Nxg6 Qxg6 38.Qh8+ Ke6 39.Qxc8+ Kd5 40.f4 d3 41.Qb7+ Qc6 42.Qe7
Qd6 43.Qe3 Kc4 44.Qc1+ Kd4 45.Qg1+ Ke4 46.Qe1+ Kd5 47.Qe3 c4 48.Kg3 Qg6+
49.Kf2 Qe4 50.Qxe4+ Kxe4 51.f5 c3 52.f6 c2 53.f7 c1=Q 54.f8=Q Qe3+ 55.Kf1 Qe2+
56.Kg1 d2 57.Qb4+ Ke3 58.Qb6+ Kf4 59.Qf6+ Ke3 60.Qe6+ Kd3 61.Qxa6+ Ke3 {#d}
1/2-1/2

[Event "Ch Romania"]
[Site "masterchessopen.com - Eforie Nord (Romania)"]
[Date "2009.02.01"]
[Round "2"]
[White "Miroiu George Catalin (ROM)"]
[Black "Manolache Marius (ROM)"]
[Result "0-1"]
[WhiteElo "2180"]
[BlackElo "2479"]

1.d4 Nf6 2.c4 c5 3.d5 g6 4.Nc3 Bg7 5.e4 d6 6.Be2 O-O 7.Nf3 e6 8.O-O exd5
9.cxd5 Re8 10.Nd2 Na6 11.Re1 Nc7 12.a4 b6 13.f4 Rb8 14.Ra3 a6 15.Rb3 b5
16.axb5 axb5 17.Bxb5 Ng4 18.e5 Nxb5 19.Nxb5 dxe5 20.h3 exf4 21.hxg4 Rxb5
22.Rxb5 Bd4+ 23.Kf1 Ba6 24.Qa4 Rxe1+ {#R} 0-1

[Event "Czech League 2008/09 (krajsky prebor)"]
[Site "masterchessopen.com - Czech Republic"]
[Date "2009.03.01"]
[Round "9"]
[White "Dungl Martin (CZE)"]
[Black "Firych Miroslav (CZE)"]
[Result "0-1"]
[WhiteElo "1985"]
[BlackElo "2005"]

1.d4 Nf6 2.Nf3 g6 3.c4 c5 4.d5 e6 5.Nc3 exd5 6.cxd5 d6 7.e4 Bg7 8.Be2 O-O
9.O-O Re8 10.Nd2 Na6 11.a4 Nb4 12.f3 Rb8 13.Nc4 a6 14.Bf4 Bf8 15.g4 b6 16.Qd2
Rb7 17.Rad1 Qc7 18.h4 Nd7 19.Rf2 Ne5 20.Nxe5 dxe5 21.Bh6 Qd8 22.Rh2 Bxh6
23.Qxh6 Qf6 24.h5 Qg7 25.Qd2 g5 26.h6 Qg6 27.Rh5 f6 28.Bc4 Kf8 29.d6 Rd7
30.Qe2 Bb7 31.Nd5 Bxd5 32.Bxd5 Red8 33.Be6 Rxd6 34.Rxd6 Rxd6 35.Qc4 Qe8 36.Bf5
Qxa4 37.Bxh7 Qa1+ 38.Kf2 Rd2+ 39.Qe2 Rxe2+ 40.Kxe2 Qxb2+ 41.Ke3 Nc2+ 42.Kd2
Nd4+ {#R} 0-1

[Event "Memorial Juan Mila (open)"]
[Site "masterchessopen.com - Bogota (Colombia)"]
[Round "4"]
[White "Portnoy Ivan Alberto (COL)"]
[Black "Ruiz Pablo (COL)"]
[Result "0-1"]
[WhiteElo "2083"]
[BlackElo "2271"]

1.d4 Nf6 2.c4 c5 3.d5 e6 4.Nc3 exd5 5.cxd5 g6 6.Nf3 d6 7.Nd2 Bg7 8.e4 O-O
9.Be2 Re8 10.O-O Na6 11.Bf3 Rb8 12.a4 Nc7 13.Nc4 b6 14.Bf4 Bf8 15.e5 dxe5
16.Bxe5 Nd7 17.Bg3 Ba6 18.d6 Ne6 19.Nb5 Nd4 20.Nxd4 cxd4 21.Qxd4 Bg7 22.Qd5
Rc8 23.Rac1 Rc5 24.Qd3 Bxb2 25.Nxb2 Bxd3 26.Nxd3 Rxc1 27.Rxc1 Qf6 28.h3 Re6
29.Rc6 Qd4 30.Rc7 Rxd6 31.Bxd6 Qxd6 32.Rc8+ Kg7 33.Be2 Nf8 34.Ra8 Qe7 35.Bf1
Qb7 36.Rd8 Ne6 37.Rd6 Qc7 38.Rd5 Qc4 39.Rd7 Qxa4 40.Ne5 Ng5 41.h4 Qxh4 42.Rxa7
Qd4 43.Nd3 Qg4 44.f4 Ne4 45.Rxf7+ Kg8 46.Re7 Nd2 47.Be2 Qh4 48.Re3 b5 49.g3
Qd8 50.Ne5 Qd4 51.Kf2 b4 52.Bd3 b3 53.Nf3 Nxf3 54.Kxf3 b2 55.Bc2 Qd2 56.Bb3+
Kf8 57.Ba2 Qd1+ 58.Kf2 Qa1 {#R} 0-1

[Event "It (open)"]
[Site "masterchessopen.com - Brezova pod Bradlom (Slovakia)"]
[Date "2009.08.23"]
[Round "2"]
[White "Jablonicky Frantisek (SVK)"]
[Black "Likavsky Tomas (SVK)"]
[Result "0-1"]
[WhiteElo "2222"]
[BlackElo "2484"]

1.d4 Nf6 2.c4 e6 3.Nf3 c5 4.d5 exd5 5.cxd5 d6 6.Nc3 g6 7.e4 Bg7 8.Be2 O-O
9.O-O Re8 10.Nd2 Na6 11.Re1 Rb8 12.f4 c4 13.e5 dxe5 14.Nxc4 e4 15.Be3 b6
16.Ne5 Nb4 17.Bb5 Bd7 18.Bxd7 Nxd7 19.Nc6 Nxc6 20.dxc6 Nc5 21.Nb5 Qe7 22.c7
Rbc8 23.Nd6 Nd3 24.Nxe8 Rxe8 25.Bxb6 Nxf4 26.Qd8 Qe6 27.Ba5 Nd3 28.Red1 Bf6
29.Qb8 Bd4+ 30.Kf1 Rc8 31.Rd2 Qa6 32.g3 Nf4+ 33.Ke1 Nd3+ 34.Kd1 Be5 35.b4 Rxb8
{#R} 0-1

[Event "Ch PriFO (seniors)"]
[Site "masterchessopen.com - Izhevsk (Russia)"]
[Date "2010.03.13"]
[Round "1"]
[White "Ogorodov Petr (RUS)"]
[Black "Ivanov Rostislav (RUS)"]
[Result "1/2-1/2"]
[WhiteElo "2045"]
[BlackElo "2247"]

1.d4 Nf6 2.c4 c5 3.d5 e6 4.Nc3 exd5 5.cxd5 d6 6.Nf3 g6 7.e4 Bg7 8.Nd2 O-O
9.Be2 Re8 10.O-O Na6 11.Bxa6 bxa6 12.f3 Rb8 13.Nc4 Rb4 14.Qd3 a5 15.b3 Ba6
16.Bg5 h6 17.Bh4 g5 18.Bf2 Nd7 19.Qd2 Bxc4 20.bxc4 Ne5 21.Rac1 Nxc4 22.Qd3 Ne5
23.Qd2 Ng6 24.Ne2 Be5 25.Ng3 Bf4 26.Be3 Bxe3+ 27.Qxe3 Nf4 28.Qd2 Qf6 29.Rc2
Reb8 30.Nf5 Rb1 31.g3 Qa1 32.gxf4 Rxf1+ 33.Kg2 Rg1+ 34.Kf2 Qf1+ 35.Ke3 gxf4+
36.Kxf4 Qh3 37.Qf2 Rbb1 38.Qh4 Qxh4+ 39.Nxh4 Kf8 40.Nf5 Rg6 41.e5 Rb4+ 42.Ke3
dxe5 43.Rxc5 Ke8 44.Rxa5 a6 45.d6 Kd7 46.Rxa6 Rf6 47.Ra7+ Kd8 48.Ra8+ Kd7
49.Ra7+ Ke6 50.Ng7+ Kd5 51.Ne8 Rff4 52.d7 Rb8 53.Ra6 Rd8 54.Rd6+ Kc5 55.Rxh6
Rxd7 56.Nf6 Ra7 57.Ne4+ Kb5 58.Nc3+ Ka5 59.Rc6 f6 60.Nd5 Kb5 61.Rxf6 Ra3+
62.Ke2 Rxa2+ 63.Ke3 Ra3+ 64.Ke2 Rh4 65.Kf2 Rxh2+ 66.Kg3 Rd2 67.Nc7+ Kc5
68.Ne6+ Kc4 69.Ng5 Re2 70.Re6 Kd5 71.Re8 Ra4 72.Rd8+ Kc6 73.Ne4 Rd4 74.Re8 Kd7
75.Rxe5 {#d} 1/2-1/2

[Event "Ch Turkey"]
[Site "masterchessopen.com - Sinop (Turkey)"]
[Date "2010.03.30"]
[Round "6"]
[White "Buyukasik Diyap (TUR)"]
[Black "Erdogan Hakan (TUR)"]
[Result "0-1"]
[WhiteElo "2025"]
[BlackElo "2253"]

1.d4 Nf6 2.c4 e6 3.Nc3 c5 4.d5 exd5 5.cxd5 d6 6.e4 g6 7.Nf3 Bg7 8.Be2 O-O
9.O-O Re8 10.Nd2 Na6 11.a3 Nc7 12.a4 b6 13.f3 Nh5 14.Nb3 Qh4 15.Qe1 Qxe1
16.Rxe1 Bxc3 17.bxc3 f5 18.exf5 Ba6 19.Kf2 Bxe2 20.Rxe2 Rxe2+ 21.Kxe2 Nxd5
22.fxg6 hxg6 23.c4 Re8+ 24.Kf2 Ndf4 25.Bxf4 Nxf4 26.Rd1 Re2+ 27.Kg3 Nh5+
28.Kh3 Rb2 29.Nd2 Nf4+ 30.Kg4 Nxg2 31.Kg5 Ne3 32.Re1 Rxd2 33.Rxe3 Kf7 34.h4
Rg2+ 35.Kh6 Rd2 36.Kg5 Rd4 37.Rc3 d5 38.cxd5 Rxd5+ 39.Kf4 Rd4+ 40.Ke5 Rxa4
41.f4 c4 42.Kd4 Kf6 43.Ke4 b5 44.Kd5 a6 45.Re3 Kf5 46.Kd4 {#R} 0-1

[Event "It (open)"]
[Site "masterchessopen.com - Torredembarra (Spain)"]
[Date "2010.07.04"]
[Round "2"]
[White "Lluverol Torrents Salvador (ESP)"]
[Black "Berbatov Kiprian (BUL)"]
[Result "0-1"]
[WhiteElo "2035"]
[BlackElo "2461"]

1.d4 Nf6 2.c4 c5 3.d5 e6 4.Nc3 exd5 5.cxd5 d6 6.e4 g6 7.Be2 Bg7 8.Nf3 O-O
9.O-O Re8 10.Nd2 Na6 11.Qc2 Nc7 12.Re1 Ng4 13.Nf3 Bd7 14.Bf4 Qe7 15.h3 Ne5
16.a4 a6 17.a5 Nb5 18.Nxb5 Nxf3+ 19.Bxf3 axb5 20.Qd2 b4 21.Bg5 Qe5 22.Re2 Bb5
23.Bf4 Qe7 24.Ree1 Qf6 25.Reb1 Ra6 26.Bg5 Qd4 27.Qxd4 Bxd4 28.Bf4 Bd3 29.Rd1
Bxe4 30.Re1 f5 31.Be2 Raa8 32.Bb5 Red8 33.Bg5 Bxb2 34.Bxd8 Bxa1 35.a6 Be5
36.axb7 Rxd8 37.Bd7 Rb8 38.Bc6 b3 39.f3 Bd3 40.f4 Bd4+ 41.Kh2 b2 {#R} 0-1

[Event "Tournament (open)"]
[Site "masterchessopen.com - Sao Bernardo (Brazil)"]
[Date "2010.10.17"]
[Round "6"]
[White "Vasconcelos Paulo (POR)"]
[Black "Goncalves Ivan M V"]
[Result "0-1"]
[WhiteElo "2093"]
[BlackElo "1904"]

1.d4 Nf6 2.c4 c5 3.d5 e6 4.Nc3 exd5 5.cxd5 d6 6.e4 g6 7.Be2 Bg7 8.Nf3 O-O
9.O-O Re8 10.Nd2 Na6 11.Bxa6 bxa6 12.f3 Rb8 13.Nc4 a5 14.a4 Ba6 15.Nb5 Bxb5
16.axb5 Rxb5 17.Bf4 Nh5 18.Nxd6 Bd4+ 19.Kh1 Rxb2 20.Nxe8 Nxf4 21.g3 Qg5
22.Nf6+ Bxf6 23.Rb1 Ra2 24.Qb3 Rxh2+ 25.Kxh2 Qh6+ 26.Kg1 Bd4+ 27.Rf2 Nh3+
28.Kf1 Nxf2 29.d6 Qh1+ 30.Ke2 Qg2 31.d7 Nxe4+ 32.Kd3 Qd2+ 33.Kxe4 Qe2+ {#R}
0-1

[Event "Czech League 2010/11 (krajsky prebor)"]
[Site "masterchessopen.com - Czech Republic"]
[Date "2011.02.27"]
[Round "9"]
[White "Ruzicka Zdenek (CZE)"]
[Black "Pospisil Evzen (CZE)"]
[Result "1/2-1/2"]
[WhiteElo "2141"]
[BlackElo "2169"]

1.d4 Nf6 2.c4 e6 3.Nc3 c5 4.d5 exd5 5.cxd5 d6 6.e4 g6 7.Nf3 Bg7 8.Be2 O-O
9.O-O Re8 10.Nd2 Na6 11.Re1 Nc7 12.a4 a6 13.f3 Rb8 14.Nf1 b5 15.axb5 axb5
16.Bg5 h6 17.Be3 b4 18.Nb1 Bb7 19.Qc1 Kh7 20.Nbd2 Nfxd5 21.exd5 Nxd5 22.Bf2
Qf6 23.Rb1 Nf4 24.Ng3 Nxe2+ 25.Rxe2 Rxe2 26.Nxe2 Ba6 27.Ne4 Qe5 28.Bg3 Qd5
{#d} 1/2-1/2

[Event "Ch Moscow (1/2 final)"]
[Site "masterchessopen.com - Moscow (Russia)"]
[Date "2011.03.17"]
[Round "3"]
[White "Seliverstov Vladimir (RUS)"]
[Black "Lushnikov Evgeny (RUS)"]
[Result "1-0"]
[WhiteElo "2362"]
[BlackElo "2041"]

1.d4 Nf6 2.c4 c5 3.Nf3 g6 4.Nc3 Bg7 5.d5 e6 6.e4 exd5 7.cxd5 d6 8.Be2 O-O
9.O-O Re8 10.Nd2 Na6 11.Qc2 Nc7 12.Re1 Bd7 13.Nc4 Bg4 14.Bf4 Bxe2 15.Rxe2 Bf8
16.a4 Nh5 17.Be3 a6 18.Nb6 Rb8 19.f4 Bg7 20.Rd1 Nb5 21.axb5 Qxb6 22.bxa6 Bd4
23.a7 Bxe3+ 24.Rxe3 Qxa7 25.Qf2 Nf6 26.h3 Nd7 27.Rde1 f6 28.h4 b5 29.h5 b4
30.Nd1 c4 31.Kh2 Nc5 32.Qh4 Qg7 33.Nf2 g5 34.Qg4 h6 35.Qf5 Rf8 36.Rc1 c3
37.bxc3 Nb3 38.Rd1 bxc3 39.Rxc3 Nc5 40.Nd3 Nxd3 41.Rdxd3 Qf7 42.Rc6 Rb2
43.fxg5 fxg5 44.Qxf7+ Rxf7 45.Rxd6 Rff2 46.Rg3 Kg7 47.Kh3 Rbe2 48.Ra3 g4+
49.Kh4 Rxe4 50.Ra7+ Kg8 51.Rg6+ Kf8 52.Rxh6 Rf7 53.Rxf7+ Kxf7 54.Rg6 Rd4 55.d6
Rd2 56.g3 Rd4 57.Kg5 Ra4 58.Rf6+ Kg7 59.h6+ Kh7 60.d7 Ra8 61.Rf7+ Kg8 62.Re7
Ra5+ 63.Kh4 {#r} 1-0

[Event "Ch Moscow (final)"]
[Site "masterchessopen.com - Moscow (Russia)"]
[Date "2011.05.26"]
[Round "5"]
[White "Chadaev Nikolai (RUS)"]
[Black "Dubov Daniil (RUS)"]
[Result "1/2-1/2"]
[WhiteElo "2564"]
[BlackElo "2147"]

1.c4 Nf6 2.d4 c5 3.d5 e6 4.Nc3 exd5 5.cxd5 d6 6.e4 g6 7.Nf3 Bg7 8.Be2 O-O
9.O-O Re8 10.Nd2 Na6 11.Re1 Nc7 12.a4 Rb8 13.Qc2 Nd7 14.Nc4 Ne5 15.Ne3 Na6
16.f4 Nb4 17.Qd1 Nd7 18.Bf3 a6 19.Nc4 Nb6 20.Na3 f5 21.a5 fxe4 22.Nxe4 N6xd5
23.Nc4 Bf5 24.Nexd6 Bd4+ 25.Kh1 Bc2 26.Rxe8+ Qxe8 27.Qxd4 cxd4 28.Nxe8 Rxe8
29.Bd2 Bb3 30.Ne5 Rc8 31.Bg4 Re8 32.Rc1 Re7 33.Rc8+ Kg7 34.Kg1 g5 35.g3 gxf4
36.gxf4 Nc2 37.Bd1 d3 38.Bc3 Na1 39.Bf3 Nxc3 40.Rxc3 d2 41.Rd3 d1=Q+ 42.Bxd1
Bxd1 43.Rxd1 Nb3 44.Rd5 Kf6 45.Kf2 Rc7 46.Ng4+ Ke6 47.Rh5 Rc5 48.Rxh7 Rb5
49.h4 Nd4 50.Rh6+ Kf5 51.Ne3+ Kxf4 52.Rf6+ Ke4 53.Rb6 Rh5 54.Rxb7 Rxh4 55.Nc4
Rh2+ 56.Kg3 Re2 57.Re7+ Kd5 58.Rxe2 Nxe2+ 59.Kf2 Kxc4 60.Kxe2 Kb5 61.Kd3 Kxa5
62.Kc4 Kb6 63.b4 a5 64.bxa5+ Kxa5 {#d} 1/2-1/2

[Event "Cup Volga (open)"]
[Site "masterchessopen.com - Kostroma (Russia)"]
[Date "2011.07.11"]
[Round "9"]
[White "Vorobjov Denis S (RUS)"]
[Black "Khatoev Eduard (RUS)"]
[Result "1-0"]
[WhiteElo "2265"]
[BlackElo "2277"]

1.d4 Nf6 2.c4 c5 3.d5 e6 4.Nc3 exd5 5.cxd5 d6 6.e4 g6 7.Nf3 Bg7 8.Be2 O-O
9.O-O Re8 10.Nd2 Na6 11.Qc2 Rb8 12.h3 Qe7 13.Re1 Nc7 14.a4 b6 15.Nc4 Ba6
16.Bg5 Bxc4 17.Bxc4 h6 18.Bf4 Nd7 19.Nb5 Nxb5 20.Bxb5 Red8 21.Bd2 g5 22.g3 Ne5
23.Ra3 c4 24.Rae3 Qf6 25.Kg2 h5 26.Bc3 g4 27.hxg4 hxg4 28.Qe2 Qf3+ 29.Qxf3
gxf3+ 30.Kg1 Nd3 31.Bxg7 Kxg7 32.Bxc4 Nxe1 33.Rxe1 Rbc8 34.b3 Rc7 35.Re3 Rdc8
36.Rxf3 Rxc4 37.bxc4 Rxc4 38.Re3 Rxa4 39.f4 Rd4 40.Kf2 a5 41.Rb3 Rxe4 42.Rxb6
Rd4 43.Rxd6 a4 44.Ke3 Rd1 45.Ke4 Re1+ 46.Kd4 a3 47.Ra6 Ra1 48.Ke5 a2 49.Kd6 f5
50.Kd7 Rd1 51.Rxa2 Rxd5+ 52.Ke6 Rd3 53.Kxf5 Rxg3 54.Ra7+ Kg8 55.Kf6 Rb3
56.Ra8+ Kh7 57.Re8 Rb1 58.f5 Rb5 59.Re5 Rb6+ 60.Kf7 Ra6 61.f6 Ra7+ 62.Re7 Ra8
63.Re6 Ra7+ 64.Kf8 Ra8+ 65.Re8 Ra6 66.f7 Ra7 67.Rd8 Ra1 68.Ke8 Re1+ 69.Kd7
Rd1+ 70.Kc7 Rxd8 71.Kxd8 {#r} 1-0

[Event "It (open)"]
[Site "masterchessopen.com - Vaujany (France)"]
[Date "2011.07.15"]
[Round "2"]
[White "Kovacs Lajos D (HUN)"]
[Black "Mahiouz Oualid (FRA)"]
[Result "1-0"]
[WhiteElo "2170"]
[BlackElo "2105"]

1.d4 Nf6 2.c4 e6 3.Nf3 c5 4.d5 exd5 5.cxd5 d6 6.Nc3 g6 7.e4 Bg7 8.Be2 O-O
9.Nd2 Re8 10.O-O Na6 11.Re1 Nc7 12.a4 Bd7 13.Qc2 Bg4 14.f3 Nh5 15.Nb3 Bc8
16.g3 f5 17.Bd2 Na6 18.Nd1 fxe4 19.fxe4 Nf6 20.Nf2 Nd7 21.Bc3 Ne5 22.Nd2 Nb8
23.Nc4 Nxc4 24.Bxc4 Nd7 25.Bxg7 Kxg7 26.Nd3 Ne5 27.Nxe5 Rxe5 28.Bf1 Bd7 29.Bg2
Be8 30.Rf1 Qe7 31.Qc3 Bf7 32.Rf2 Bg8 33.Raf1 h6 34.a5 Re8 35.h4 g5 36.h5 Bh7
37.Bh3 g4 38.Bxg4 Bxe4 39.Be6 Qg5 40.Rf4 Bxd5 41.Bxd5 {#r} 1-0

[Event "It (open)"]
[Site "masterchessopen.com - Ptuj (Slovenia)"]
[Date "2011.08.15"]
[Round "6"]
[White "Krumpacnik Domen (SLO)"]
[Black "Skrinjar Matic (SLO)"]
[Result "1-0"]
[WhiteElo "2367"]
[BlackElo "2090"]

1.d4 Nf6 2.c4 c5 3.d5 e6 4.Nc3 exd5 5.cxd5 d6 6.e4 g6 7.Be2 Bg7 8.Nf3 O-O
9.O-O Re8 10.Nd2 Na6 11.Re1 Rb8 12.Qc2 Ng4 13.Bb5 Bd7 14.Bxd7 Qxd7 15.Nf3 b5
16.a3 Nc7 17.Bf4 a5 18.a4 b4 19.Nd1 b3 20.Qd3 Rb4 21.Nc3 f5 22.h3 Nf6 23.Nd2
fxe4 24.Ndxe4 Nxe4 25.Nxe4 Qf5 26.Bxd6 Rbxe4 27.Rxe4 Rxe4 28.Qxb3 Qxd5 29.Qb6
Ne6 30.Rc1 Rb4 31.Qa6 Rxb2 32.Rxc5 Rb1+ 33.Kh2 Be5+ 34.Bxe5 Nxc5 35.Qf6 Rb7
36.f4 Qe6 37.Qh8+ Kf7 38.Qxh7+ Ke8 39.Qh8+ Kd7 40.Bc3 Qe4 41.Qg7+ Kc6 42.Qf6+
Ne6 43.Be5 Kd5 44.Qh4 Rb4 45.Qe7 Rb6 46.Qa7 Qb4 47.Qf7 Qe4 48.Qa7 Qb4 49.Qf7
g5 50.Bc7 Ra6 51.f5 Qe1 52.Qd7+ Kc4 53.Qb5+ Kd4 54.Qxa6 Nxc7 55.Qb6+ Kc4
56.Qxc7+ Kb4 57.f6 Qf2 58.f7 g4 59.Qe7+ Kxa4 60.f8=Q Qh4 {#r} 1-0